| 000 | 01674nam a2200529 i 4500 | ||
|---|---|---|---|
| 001 | 3896 | ||
| 003 | KOSZ 005 | ||
| 005 | 20250408062843.0 | ||
| 008 | 971113s1988 pl a |000 0 pol | ||
| 015 | _aUWD 1988/6880 | ||
| 035 | _a991003179789705066 | ||
| 035 | _a(PL-WaBN)b1085616x-48omnis_nlop | ||
| 035 | _ab1085616x | ||
| 035 | _a(OCoLC)830085196 | ||
| 035 | _a(PL)b0000001085616 | ||
| 035 | _a(EXLNZ-48OMNIS_NETWORK)9910441778605606 | ||
| 040 |
_aWA N _cWA N _dKOSZ 005/AR |
||
| 041 | _apol | ||
| 044 | _apl | ||
| 046 | _k1988 | ||
| 080 | _a681.5 | ||
| 080 | _a007.5 | ||
| 080 | _a(075.8) | ||
| 080 | _a(084.1) | ||
| 100 | 1 |
_aIgielski, Janusz _eAutor |
|
| 245 | 1 | 0 |
_aAutomaty użytkowe : _balbum / _cJanusz Igielski. |
| 260 |
_aWarszawa : _bWydawnictwa Politechniki Warszawskiej, _c1988. |
||
| 300 |
_a212 stron : _bilustracje ; _c24 cm. |
||
| 336 |
_aTekst _btxt _2rdacontent |
||
| 337 |
_aBez urządzenia pośredniczącego _bn _2rdamedia |
||
| 338 |
_aWolumin _bnc _2rdacontent |
||
| 380 | _aKsiążki | ||
| 388 | _a1901-2000 | ||
| 388 | _a1945-1989 | ||
| 490 | 1 | _aSkrypty WPW dla Kierunku Mechanika | |
| 504 | _aBibliografia przy rozdziałach. | ||
| 650 | 7 |
_aAutomaty _2DBN |
|
| 655 | 7 |
_aTablice i wzory _2DBN |
|
| 655 | 7 | _aPodręczniki akademickie | |
| 655 | 7 | _aAlbum | |
| 658 | _aInżynieria i technika | ||
| 710 | 2 |
_aOficyna Wydawnicza Politechniki Warszawskiej _4pbl |
|
| 856 |
_uhttp://koha.tu.koszalin.pl/cgi-bin/koha/opac-detail.pl?biblionumber=3896 _yKatalog online BPK |
||
| 830 | _aSkrypty WPW dla Kierunku Mechanika | ||
| 942 |
_2UKD _cKS |
||
| 999 |
_c3896 _d3896 |
||